000 00772nam a2200229Ia 4500
003 GCL
008 140319s9999 xx 000 0 ara d
020 _a2177314977
040 _aGCL /
_cGCL
082 0 4 _a410
_bر م
100 1 _aرجب عبدالجواد ابراهيم
245 1 0 _aموسيقى اللغة /
_cرجب عبدالجواد ابراهيم
250 _aالاولى
260 _aالقاهرة :
_bمكتبة زهراء الشرق ،
_c2003
300 _a141 ص ؛
_c24 سم
650 0 4 _aاللغة العربية
650 0 4 _aالبلاغة العربية
650 0 4 _aاللغة العربية - النحو
650 0 4 _aاللغة العربية - الصرف
650 0 4 _aالبلاغة العربية - الجناس
942 _2ddc
_cBK
999 _c6361
_d6361